| 000 | 01744cam a2200565 i 4500 | ||
|---|---|---|---|
| 001 | 22248 | ||
| 003 | KOSZ 005 | ||
| 005 | 20240831062929.0 | ||
| 008 | 240830s1983 pl a g 001 0 pol | ||
| 015 | _aUWD 1983/6177 | ||
| 020 | _a8301037318 | ||
| 035 | _a991009939089705066 | ||
| 035 | _a(PL-WaBN)b12713144-48omnis_nlop | ||
| 035 | _ab12713144 | ||
| 035 | _a(OCoLC)830199586 | ||
| 035 | _a(PL)b0000001271314 | ||
| 035 | _a(EXLNZ-48OMNIS_NETWORK)9910375191805606 | ||
| 040 |
_aWA N _cWA N _dKOSZ 005/RW |
||
| 045 |
_bd1801 _bd1918 |
||
| 046 | _k1983 | ||
| 080 | _a94(47+57) | ||
| 100 | 1 |
_aBazylow, Ludwik _d(1915-1985) _eAutor |
|
| 245 | 1 | 0 |
_aHistoria Rosji. _nTom II / _cLudwik Bazylow. |
| 250 | _aWydanie I. | ||
| 260 |
_aWarszawa : _bPaństwowe Wydawnictwo Naukowe, _c1983. |
||
| 300 |
_a540, [3] stron : _bmapy ; _c21 cm. |
||
| 336 |
_aTekst _btxt _2rdacontent |
||
| 337 |
_aBez urządzenia pośredniczącego _bn _2rdamedia |
||
| 338 |
_aWolumin _bnc _2rdacarrier |
||
| 380 | _aKsiążki | ||
| 380 | _aPublikacje popularnonaukowe | ||
| 388 | 1 | _a1901-2000 | |
| 388 | 1 | _a1945-1989 | |
| 504 | _aIndeksy. | ||
| 648 | 7 | _a1801-1900 | |
| 648 | 7 | _a1901-2000 | |
| 648 | 7 | _a1901-1914 | |
| 648 | 7 | _a1914-1918 | |
| 650 | 7 | _aKultura | |
| 650 | 7 | _aPolityka wewnętrzna | |
| 650 | 7 | _aPolityka zagraniczna | |
| 650 | 7 | _aSpołeczeństwo | |
| 651 | 7 |
_aRosja _2DBN |
|
| 655 | 7 | _aOpracowanie | |
| 658 | _aHistoria | ||
| 710 | 2 |
_aPaństwowe Wydawnictwo Naukowe _4pbl |
|
| 856 |
_uhttps://koha.tu.koszalin.pl/cgi-bin/koha/opac-detail.pl?biblionumber=22248 _yKatalog online BPK |
||
| 942 |
_2UKD _cKS |
||
| 999 |
_c22248 _d22248 |
||